| 000 | 01602cam a22003855a 4500 | ||
|---|---|---|---|
| 001 | 016912421 | ||
| 003 | OSt | ||
| 005 | 20161015130939.0 | ||
| 008 | 141016t2015 enk frb 001 0 eng d | ||
| 020 | _a9780745668413 (pb) | ||
| 040 |
_aStDuBDS _beng _cStDuBDS _dUk _dEG-ScBUE |
||
| 041 | 1 |
_aeng _hfre |
|
| 082 | 0 | 4 |
_a194 _bLAR _222 |
| 100 | 1 | _aLaruelle, François. | |
| 240 | 1 | 0 |
_aL’ultime honneur des intellectuels. _lEnglish |
| 245 | 1 | 0 |
_aIntellectuals and power : _bthe insurrection of the victim / _cFrançois Laruelle ; in conversation with Philippe Petit ; translated by Anthony Paul Smith. |
| 246 | 3 | 3 | _aUltime honneur des intellectuels |
| 246 | 3 | 0 | _aInsurrection of the victim |
| 250 | _aEnglish ed. | ||
| 260 |
_aCambridge ; _aMalden : _bPolity Press, _cc.2015. |
||
| 300 |
_axxv, 155 p. ; _c23 cm. |
||
| 500 | _aIncludes index. | ||
| 504 | _aIncludes bibliographical references. | ||
| 520 | _aIn this important new book, the leading philosopher Francois Laruelle examines the role of intellectuals in our societies today, specifically with regards to criminal justice. | ||
| 546 | _aText in English ; translated from original French. | ||
| 650 | 0 |
_aIntellectuals _xSocial aspects _xPhilosophy _vInterviews. _2BUEsh |
|
| 650 | 0 |
_aPower (Philosophy) _vInterviews. _2BUEsh |
|
| 650 | 0 |
_aVictims of crime _xPhilosophy _vInterviews. _2BUEsh |
|
| 650 | 0 |
_aPhilosophy, French _y21st century _vInterviews. _2BUEsh |
|
| 651 | _2BUEsh | ||
| 653 |
_bBUSBOL _cOctober2016 |
||
| 700 | 1 |
_aPetit, Philippe, _einterviewer. |
|
| 700 | 1 |
_aSmith, Anthony Paul, _d1982- _etranslator. |
|
| 942 | _2ddc | ||
| 999 |
_c22580 _d22552 |
||